Menus for low-cost balanced diets, school-lunch programmes (Suitable for (Record no. 1453499)

MARC details
000 -LEADER
fixed length control field 00592nam a2200193Ia 4500
005 - DATE AND TIME OF LATEST TRANSACTION
control field 20250923145620.0
008 - FIXED-LENGTH DATA ELEMENTS--GENERAL INFORMATION
fixed length control field 008 250917s9999 xx 000 0 eng d
037 ## - SOURCE OF ACQUISITION
Stock number Textual
040 ## - CATALOGING SOURCE
Original cataloging agency DSWL
Language of cataloging eng
Transcribing agency DSWL
041 ## - LANGUAGE CODE
Language code of text/sound track or separate title eng
Source of code eng
084 ## - COLON CLASSIFICATION NUMBER
Classification number L:573.2, N78
Assigning agency DSWL
245 #0 - TITLE STATEMENT
Title Menus for low-cost balanced diets, school-lunch programmes (Suitable for
Statement of responsibility, etc. by National Institute of Nurtition
260 ## - PUBLICATION, DISTRIBUTION, ETC.
Place of publication, distribution, etc. Hyderabad
Name of publisher, distributor, etc. N.I. Nutrition
Date of publication, distribution, etc. 1978
300 ## - PHYSICAL DESCRIPTION
Extent 35 p.
365 ## - TRADE PRICE
Price type code INR
Price amount 1.50
925 ## -
-- 1.50
942 ## - ADDED ENTRY ELEMENTS (KOHA)
Koha item type Textual
Classification part L:573.2, N78
Holdings
Withdrawn status Lost status Damaged status Not for loan Home library Current library Date acquired Source of acquisition Inventory number Total Checkouts Full call number Barcode Date last seen Price effective from Koha item type
        Department of Social Work Library Department of Social Work Library 2025-09-23 Indian Council of Medical Research New Delhi-110016 6546 30/08/1983   L:573.2, N78 SW0021140 2025-09-23 2025-09-23 Textual
Copyright @ Delhi University Library System